000
00334nam a22001337a 4500
999
_c
520851
_d
520851
008
221025b ||||| |||| 00| 0 eng d
100
_a
Srivastava, Garima
_9
35482
245
_a
Contemporary writings by women
260
_a
Yojana
300
_a
66(8), Aug, 2022: p.49-50
773
_a
Yojana
906
_a
WOMEN
942
_c
AR